Noveĭshie konstruktivnye sistemy v formirovanii arkhitekturnoĭ sredy : uchebnoe posobie /

Saved in:
Bibliographic Details
Main Author: Koleĭchuk, V. F. (Author)
Format: Book
Language:Russian
Published: Moskva : BuksMArt, 2016.
Subjects:
Tags: Add Tag
No Tags, Be the first to tag this record!
LEADER 01132cam a2200325Ii 4500
001 13004495
005 20180124132316.0
008 170516s2016 ru a 000 0 rus d
020 |a 9785906190413 
020 |a 5906190414 
035 |a (OCoLC)ocn987332956 
035 |a (OCoLC)987332956 
035 |a (NNC)13004495 
040 |a NUI  |b eng  |e rda  |c NUI  |d OCLCQ  |d OCLCF 
050 4 |a NA1606.5  |b .K65 2016 
100 1 |a Koleĭchuk, V. F.  |q (Vi͡acheslav Fomich),  |e author. 
245 1 0 |a Noveĭshie konstruktivnye sistemy v formirovanii arkhitekturnoĭ sredy :  |b uchebnoe posobie /  |c V.F. Koleĭchuk. 
264 1 |a Moskva :  |b BuksMArt,  |c 2016. 
300 |a 127 pages :  |b illustrations ;  |c 22 cm 
336 |a text  |b txt  |2 rdacontent 
337 |a unmediated  |b n  |2 rdamedia 
338 |a volume  |b nc  |2 rdacarrier 
546 |a In Russian. 
650 0 |a Architecture, Modern  |y 20th century. 
650 0 |a Architecture, Modern  |y 21st century. 
650 0 |a Building. 
650 7 |a Architecture, Modern.  |2 fast  |0 (OCoLC)fst00813842 
650 7 |a Building.  |2 fast  |0 (OCoLC)fst00840551 
648 7 |a 1900-2099  |2 fast 
852 0 0 |b off,ave  |h NA1606.5  |i .K65 2016g